000 00272nam a22001217a 4500
008 230620b xxu||||| |||| 00| 0 eng d
020 _a189947742X
082 _a323
_bAFR 2002
245 _aTribute to Courage
260 _aRwanda
_c2002
300 _a299p
942 _2ddc
_cBK
999 _c1832
_d1832